[Event "Hasselbacken Open 2016"]
[Site "Stockholm SWE"]
[Date "2016.05.04"]
[Round "5.21"]
[White "Tari, Aryan"]
[Black "Wahlbom, Magnus"]
[Result "1/2-1/2"]
[WhiteTitle "IM"]
[WhiteElo "2549"]
[BlackElo "2223"]
[WhiteFideId "1510045"]
[BlackFideId "1700685"]
[EventDate "2016.04.30"]

1. d4 Nf6 2. c4 g6 3. Nc3 d5 4. Nf3 Bg7 5. cxd5 Nxd5 6. Na4 O-O 7. e4 Nb6 8. Be3
Bg4 9. Nc5 Nc6 10. Nxb7 Qb8 11. Ba6 e5 12. d5 Nd4 13. Bxd4 exd4 14. O-O Nc4 15.
Qb3 Bxf3 16. Qxc4 Bxe4 17. Nc5 Bf5 18. Bb7 Rd8 19. Rfe1 Bf8 20. Rad1 Bxc5 21.
Bxa8 Qb6 22. Bc6 d3 23. Rf1 h5 24. h3 a5 25. a3 Bf8 26. Bb5 Rb8 27. a4 g5 28.
Qc1 Qg6 29. Qe3 Bd6 30. Bxd3 Rxb2 31. Rfe1 Rb4 32. Bxf5 Qxf5 33. Rd4 Bc5 34.
Qe8+ Kg7 35. Rd2 h4 36. Kf1 Bd6 37. Qc6 Qf4 38. Qc3+ f6 39. Rde2 Rxa4 40. Qc6
Qc4 41. Qd7+ Kg6 42. Qe8+ Kh6 43. Kg1 Qf4 44. Qh8+ Kg6 45. Re8 Qh2+ 46. Kf1 Qh1+
47. Ke2 Qxg2 48. Qg8+ Kh6 49. Qh8+ Kg6 50. Qg8+ Kh6 51. Qh8+ Kg6 1/2-1/2

[Event "Hasselbacken Open 2016"]
[Site "Stockholm SWE"]
[Date "2016.05.04"]
[Round "5.22"]
[White "Backlund, Anders"]
[Black "Greenfeld, Alon"]
[Result "1/2-1/2"]
[BlackTitle "GM"]
[WhiteElo "2287"]
[BlackElo "2541"]
[WhiteFideId "1702718"]
[BlackFideId "2800039"]
[EventDate "2016.04.30"]

1. e4 c5 2. Nf3 Nc6 3. d4 cxd4 4. Nxd4 Nf6 5. Nc3 d6 6. Bg5 e6 7. Qd2 Be7 8.
O-O-O a6 9. f3 Nxd4 10. Qxd4 O-O 11. h4 b5 12. Kb1 Bb7 13. Qd2 Rc8 14. Bd3 Nd7
15. Bxe7 Qxe7 16. Ne2 Rfd8 17. Qg5 Nf6 18. Nd4 h6 19. Qe3 h5 20. Rh3 g6 21. Rg3
Kh7 22. Rg5 e5 23. Ne2 Qc7 24. g4 d5 25. exd5 Bxd5 26. gxh5 e4 27. hxg6+ fxg6
28. fxe4 Bxe4 29. Rgg1 Qc5 30. Qxc5 1/2-1/2

[Event "Hasselbacken Open 2016"]
[Site "Stockholm SWE"]
[Date "2016.05.04"]
[Round "5.23"]
[White "Dubrovin, Robert"]
[Black "Mikhalevski, Victor"]
[Result "0-1"]
[BlackTitle "GM"]
[WhiteElo "2239"]
[BlackElo "2516"]
[WhiteFideId "4501829"]
[BlackFideId "2801914"]
[EventDate "2016.04.30"]

1. e4 c5 2. Nf3 d6 3. d4 cxd4 4. Nxd4 Nf6 5. Nc3 g6 6. Be3 Bg7 7. f3 Nc6 8. Qd2
O-O 9. O-O-O d5 10. exd5 Nxd5 11. Nxc6 bxc6 12. Bd4 e5 13. Bc5 Be6 14. Ne4 Re8
15. c4 Nb6 16. Qf2 Nd7 17. h4 Qa5 18. Ba3 Nf6 19. Nxf6+ Bxf6 20. Bd3 Rab8 21. g4
e4 22. fxe4 Be5 23. g5 Rb7 24. Qd2 Qc7 25. Rdf1 Reb8 26. b3 Rxb3 27. axb3 Rxb3
28. Bc5 Rc3+ 29. Kd1 Qa5 30. Qe3 Bg4+ 31. Rf3 Qa1+ 32. Kd2 Qb2+ 0-1

[Event "Hasselbacken Open 2016"]
[Site "Stockholm SWE"]
[Date "2016.05.04"]
[Round "5.24"]
[White "Jacobs, Florian"]
[Black "Kjartansson, Gudmundur"]
[Result "0-1"]
[BlackTitle "IM"]
[WhiteElo "2229"]
[BlackElo "2457"]
[WhiteFideId "1018329"]
[BlackFideId "2301318"]
[EventDate "2016.04.30"]

1. d4 Nf6 2. c4 e6 3. Nf3 d5 4. Nc3 c6 5. e3 Nbd7 6. Qc2 Bd6 7. b3 O-O 8. Be2 b6
9. O-O Bb7 10. Bb2 Qe7 11. Rad1 Rfd8 12. Rfe1 Bb4 13. Bd3 Rac8 14. a3 Bxa3 15.
Bxa3 Qxa3 16. Ra1 Qd6 17. Rxa7 Qb8 18. Ra2 c5 19. Qe2 e5 20. dxe5 Nxe5 21. Nxe5
Qxe5 22. Nb5 h5 23. f4 Qe7 24. Ra7 Ra8 25. Rxa8 Bxa8 26. cxd5 Bxd5 27. e4 Bxb3
28. e5 c4 29. Bb1 Qc5+ 30. Kh1 Ng4 31. h3 Nf2+ 32. Kh2 Qxb5 33. Qxf2 c3 34. Qh4
Rd4 35. Bf5 c2 36. Ra1 Qc6 37. Qxh5 g6 38. Bxg6 fxg6 39. Ra8+ Qxa8 40. Qxg6+ Kf8
41. Qf6+ Ke8 42. e6 Rxf4 43. Qxf4 Bxe6 44. Qh6 Qc8 45. Qh8+ Kd7 46. Qh7+ Kd6 47.
Qd3+ Ke7 48. Qh7+ Kd8 49. Qh8+ Kc7 50. Qe5+ Kb7 51. Qe4+ Qc6 52. Qh7+ Qc7+ 0-1

[Event "Hasselbacken Open 2016"]
[Site "Stockholm SWE"]
[Date "2016.05.04"]
[Round "5.25"]
[White "Lorscheid, Gerhard"]
[Black "Akesson, Ralf"]
[Result "0-1"]
[WhiteTitle "FM"]
[BlackTitle "GM"]
[WhiteElo "2214"]
[BlackElo "2452"]
[WhiteFideId "4606000"]
[BlackFideId "1700120"]
[EventDate "2016.04.30"]

1. d4 Nf6 2. c4 e6 3. Nc3 Bb4 4. Qb3 c5 5. dxc5 Nc6 6. Nf3 O-O 7. Bg5 h6 8. Bxf6
Qxf6 9. a3 Bxc5 10. Ne4 Qe7 11. Nxc5 Qxc5 12. Rc1 b6 13. e3 a5 14. Be2 a4 15.
Qc3 Bb7 16. O-O Na5 17. Bd1 Rfc8 18. Nd2 b5 19. Qd3 0-1

[Event "Hasselbacken Open 2016"]
[Site "Stockholm SWE"]
[Date "2016.05.04"]
[Round "5.26"]
[White "Brookes, Christopher"]
[Black "Stark, Lars"]
[Result "0-1"]
[WhiteTitle "CM"]
[BlackTitle "IM"]
[WhiteElo "2213"]
[BlackElo "2409"]
[WhiteFideId "4669355"]
[BlackFideId "4676386"]
[EventDate "2016.04.30"]

1. e4 e6 2. d4 d5 3. Nc3 Nf6 4. e5 Nfd7 5. f4 c5 6. Nf3 Nc6 7. Be3 Be7 8. Qd2
O-O 9. dxc5 Nxc5 10. O-O-O a6 11. Qf2 b6 12. Nd4 Qc7 13. Bd3 Nb4 14. Be2 Bd7 15.
a3 Nc6 16. Nxc6 Bxc6 17. Bd4 Bb7 18. Bf3 Rfd8 19. Rhe1 Rab8 20. g4 Ba8 21. f5 b5
22. f6 gxf6 23. exf6 Bd6 24. Qh4 Kh8 25. b4 Ne4 26. Nxe4 dxe4 27. Bxe4 Bf4+ 28.
Kb1 Bxe4 29. Rxe4 e5 30. Rxf4 exf4 31. Qh6 Rg8 32. Rd3 Rg6 33. Qh5 Re8 34. g5
Qd7 35. h4 Qf5 36. Qf3 Rgg8 37. Qb7 Qe6 38. Qc7 h5 39. Qxf4 Kh7 40. Bc3 Qe4 41.
Qc7 Kg6 42. Qb6 Re6 43. Qf2 Rc8 44. Kb2 Qg4 45. Rd2 Re4 46. Qb6 Re2 47. Rxe2
Qxe2 48. Qd4 Re8 49. Qd7 Qe6 50. Qd3+ Qf5 51. Qd2 Rc8 52. Qd4 Qf3 53. Bd2 Qg4
54. Qd6 Qe4 55. Bc3 Qe6 56. Qd3+ Qf5 57. Qe3 Rd8 58. Qe7 Qd5 59. Qe3 Qc4 60. Qe7
Qd5 61. Qe3 Qc6 62. Qe2 Qe6 63. Qh2 Qg4 64. Qc7 Re8 65. Qd6 Qxh4 66. Qxa6 Qc4
67. Qb7 Rc8 68. Qf3 Qxc3+ 69. Qxc3 Rxc3 70. Kxc3 h4 0-1

[Event "Hasselbacken Open 2016"]
[Site "Stockholm SWE"]
[Date "2016.05.04"]
[Round "5.27"]
[White "Henriksson, Johan"]
[Black "Krupenski, Juri"]
[Result "1/2-1/2"]
[WhiteTitle "FM"]
[BlackTitle "FM"]
[WhiteElo "2208"]
[BlackElo "2395"]
[WhiteFideId "1703560"]
[BlackFideId "4501101"]
[EventDate "2016.04.30"]

1. d4 c5 2. dxc5 e5 3. Nc3 Bxc5 4. Ne4 Qc7 5. Nxc5 Qxc5 6. g3 Nf6 7. Bg2 d5 8.
Nf3 Nc6 9. O-O e4 10. Be3 Qb4 11. Nd4 Qxb2 12. Nxc6 bxc6 13. Bd4 Qb4 14. f3 Bf5
15. fxe4 Bxe4 16. Rb1 Qe7 17. Bxf6 gxf6 18. Bxe4 Qxe4 19. Rxf6 Qe3+ 20. Kg2 Qe4+
21. Kf2 O-O 22. Qd3 Rfe8 23. Rb7 Qh1 24. Rfxf7 Qxh2+ 25. Ke1 Re4 26. Rg7+ Kh8
27. Rxh7+ Qxh7 28. Rxh7+ Kxh7 29. Qa6 Rae8 30. Qxa7+ Kh6 31. Qf2 Kg6 32. Kd1 Ra8
33. Qb6 Rc4 34. Qb3 Raa4 35. Kc1 Re4 36. e3 Kg5 37. Qb7 Rec4 38. Qg7+ Kf5 39.
Qb2 Kg4 40. Qb3 Kxg3 41. e4+ Kf4 42. exd5 cxd5 43. a3 Ke4 44. Kb2 Ke5 45. Qb8+
Ke6 46. Qe8+ Kd6 47. Kb3 Kc5 48. Qc8+ Kd6 49. Qb7 Kc5 50. Qc7+ Kb5 51. Qd6 Rd4
52. c3 Rf4 53. Qxd5+ Kb6 54. Qd8+ Kb5 55. Qd7+ Ka5 56. Qc6 Rh4 57. Qc5+ Ka6 58.
Qc6+ Ka5 59. Qa8+ Kb5 60. Qd5+ Kb6 61. Qd3 Rhg4 62. Qd7 Ka5 63. Qb7 Rh4 64. Qa7+
Kb5 65. Qc7 Rhg4 66. Qd6 Rh4 67. Kc2 Rhg4 68. Kd3 Rh4 69. Qg3 Rhg4 70. Qf3 Rh4
71. Ke3 Rhc4 72. Qd5+ Kb6 73. Qe5 Rh4 74. Kf3 Rhc4 75. Kg3 Re4 76. Qd6+ Kb5 77.
Qf6 Rec4 78. Qe5+ Kc6 79. Qe8+ Kd5 80. Qb5+ Ke4 81. Qb1+ Ke3 82. Qd1 Re4 83.
Qc1+ Kd3 84. Kf3 Rec4 85. Qd1+ Kxc3 86. Qc1+ Kb3 87. Qb1+ Kxa3 88. Qa1+ Kb4 89.
Qb2+ Ka5 90. Qe5+ Kb6 91. Qe6+ Kb5 92. Qe5+ Rc5 93. Qe8+ Ka5 94. Qa8+ Kb4 95.
Qe4+ Ka3 96. Qe3+ Kb4 97. Qe4+ Rc4 98. Qb1+ Ka5 99. Qf5+ Kb6 100. Qe6+ Rc6 101.
Qe3+ Kb5 102. Qd3+ Rac4 103. Qb3+ Ka6 104. Qa2+ Kb7 105. Qb2+ Rb6 106. Qg7+ Rc7
107. Qe5 Rf7+ 108. Ke3 Rff6 109. Qe7+ 1/2-1/2

[Event "Hasselbacken Open 2016"]
[Site "Stockholm SWE"]
[Date "2016.05.04"]
[Round "5.28"]
[White "Sagit, Rauan"]
[Black "Pajeken, Wolfgang"]
[Result "1/2-1/2"]
[WhiteTitle "FM"]
[BlackTitle "FM"]
[WhiteElo "2389"]
[BlackElo "2269"]
[WhiteFideId "1708376"]
[BlackFideId "4622170"]
[EventDate "2016.04.30"]

1. Nf3 Nf6 2. g3 g6 3. Bg2 c5 4. O-O Bg7 5. d4 cxd4 6. Qxd4 Nc6 7. Qh4 Qb6 8.
Na3 d5 9. c4 dxc4 10. Nxc4 Qa6 11. b3 Ng4 12. Bb2 Bxb2 13. Nxb2 Qxe2 14. Nc4 O-O
15. h3 Nge5 16. Nfxe5 Nxe5 17. Nxe5 Qxe5 18. Rfe1 Qf6 19. Qxf6 exf6 20. Re7 a5
21. Rc1 Rd8 22. Bf1 Be6 23. Rxb7 a4 24. Bc4 Rac8 25. Re1 Bxc4 26. bxc4 Rxc4 27.
Ree7 Rf8 28. Ra7 f5 29. Kg2 h5 30. Kf3 Kg7 31. h4 Kf6 32. Red7 Rc3+ 33. Kg2 Ra3
34. Rd4 Rxa2 35. Raxa4 Rxa4 36. Rxa4 Rd8 37. Kf3 Ke5 38. Ke3 Rb8 39. Ra5+ Kf6
40. Ra6+ Kg7 41. Ra4 Re8+ 42. Kf3 Re6 43. Rb4 Ra6 44. Rc4 Ra5 45. Rb4 Kh6 46.
Kg2 Re5 47. Kf3 Ra5 1/2-1/2

[Event "Hasselbacken Open 2016"]
[Site "Stockholm SWE"]
[Date "2016.05.04"]
[Round "5.29"]
[White "Morros Faura, Ricard"]
[Black "Aguera Naredo, Javier"]
[Result "1/2-1/2"]
[BlackTitle "FM"]
[WhiteElo "2205"]
[BlackElo "2369"]
[WhiteFideId "2294311"]
[BlackFideId "2204169"]
[EventDate "2016.04.30"]

1. e4 e5 2. Nf3 Nc6 3. Nc3 Nf6 4. g3 d5 5. exd5 Nxd5 6. Bg2 Nde7 7. O-O g6 8. b4
a6 9. Rb1 Bg7 10. a4 O-O 11. Re1 f6 12. b5 axb5 13. axb5 Nd4 14. Nxd4 Qxd4 15.
Bb2 Qd8 16. d3 Nf5 17. Ra1 Rxa1 18. Qxa1 Nd4 19. Qa4 Bg4 20. Ra1 Qd7 21. Qc4+
Kh8 22. Nd5 Nxb5 23. Ne3 Be6 24. Qb4 c6 25. c4 Nd4 26. Bxd4 Qxd4 27. Rd1 Rf7 28.
Nc2 Qd8 29. d4 Rd7 30. d5 cxd5 31. cxd5 Bxd5 32. Qa4 Bc6 33. Rxd7 Bxd7 34. Qa7
b6 35. Ne3 Bf8 36. Nd5 Bc5 37. h4 Be6 38. Qb7 f5 39. Qc6 Qd7 40. Qa8+ Kg7 41.
Qb8 e4 42. Qe5+ Kf7 43. Qf6+ Kg8 44. Nf4 Bf7 45. h5 Qd6 46. Qh4 Qe7 47. hxg6
hxg6 48. Qh6 Qf6 49. Nh3 Be7 50. Qc1 b5 51. Bf1 Qd4 52. Bxb5 Kg7 53. Bf1 Bc5 54.
Bg2 Bb3 55. Qf4 e3 56. Qxd4+ Bxd4 57. fxe3 Bxe3+ 58. Nf2 g5 59. Bc6 g4 60. Kg2
Bc4 61. Nd1 Bd4 62. Nf2 Kf6 63. Bb7 Ke5 64. Bc8 Be2 65. Bb7 Bc5 66. Bc6 Bb6 67.
Bb7 Bc7 68. Bc6 Bc4 69. Bd7 Bd5+ 70. Kh2 Bf3 71. Nd3+ Kf6 72. Bc8 Bd6 73. Bd7
Be2 74. Ne1 Ke5 75. Ng2 Bf3 76. Ne3 1/2-1/2

[Event "Hasselbacken Open 2016"]
[Site "Stockholm SWE"]
[Date "2016.05.04"]
[Round "5.30"]
[White "Van Foreest, Lucas"]
[Black "Malm Lindberg, Henrik"]
[Result "0-1"]
[WhiteElo "2368"]
[BlackElo "2208"]
[WhiteFideId "1039792"]
[BlackFideId "1702599"]
[EventDate "2016.04.30"]

1. e4 c5 2. Nf3 e6 3. d4 cxd4 4. Nxd4 Nf6 5. Nc3 d6 6. Bg5 Be7 7. Qf3 Nbd7 8.
O-O-O a6 9. g4 Qc7 10. Bg2 h6 11. Bh4 Ne5 12. Qe2 g5 13. Bg3 Nfxg4 14. h4 Rg8
15. hxg5 hxg5 16. f3 Nf6 17. Nb3 Bd7 18. Qe3 Rc8 19. Qd4 b5 20. a3 Nc4 21. Rh6
e5 22. Qd3 Nxa3 23. Rdh1 Nxc2 24. Rh8 Nb4 25. Qe3 Be6 26. Qxg5 Kd7 27. Rxg8 Rxg8
28. Qd2 Rxg3 0-1

[Event "Hasselbacken Open 2016"]
[Site "Stockholm SWE"]
[Date "2016.05.04"]
[Round "5.31"]
[White "Lundvik, Jonas"]
[Black "Schneider, Stefan"]
[Result "1-0"]
[WhiteElo "2204"]
[BlackElo "2359"]
[WhiteFideId "1704567"]
[BlackFideId "1703013"]
[EventDate "2016.04.30"]

1. d4 Nf6 2. Nf3 e6 3. g3 c5 4. Bg2 cxd4 5. O-O d5 6. Nxd4 e5 7. Nb5 a6 8. N5c3
Be6 9. Bg5 d4 10. Ne4 Be7 11. Nxf6+ gxf6 12. Bh6 Qb6 13. Qc1 Rg8 14. c3 Nc6 15.
e3 d3 16. e4 O-O-O 17. b4 Kb8 18. Be3 Qc7 19. a4 Rc8 20. Qb2 Ka8 21. Nd2 Nb8 22.
Rfc1 Qd7 23. Rab1 h5 24. h4 f5 25. exf5 Bd5 26. Bxd5 Qxd5 27. c4 Qd7 28. b5 Rg4
29. bxa6 Nxa6 30. Qxe5 Bxh4 31. Qd5 Qc6 32. Rb5 Be7 33. Rcb1 Qxd5 34. Rxd5 Nc5
35. f6 Bf8 36. Rxh5 Rg6 37. Rb5 Na6 38. Rbd5 Rxf6 39. Rxd3 Bc5 40. Ne4 Rfc6 41.
Nxc5 Nxc5 42. Bxc5 Rxc5 43. Rxc5 Rxc5 44. Rd4 Ka7 45. g4 Kb6 46. f4 Rc7 47. Kf2
Kc5 48. Ke3 Kb4 49. Kd3 Kxa4 50. Rd5 f6 51. Rb5 Rg7 52. g5 fxg5 53. fxg5 Rd7+
54. Ke4 Rc7 55. Kf5 Rxc4 56. Rxb7 Rc5+ 57. Kf6 1-0

[Event "Hasselbacken Open 2016"]
[Site "Stockholm SWE"]
[Date "2016.05.04"]
[Round "5.32"]
[White "Ronneland, Daniel"]
[Black "Nihal, Sarin"]
[Result "1-0"]
[BlackTitle "FM"]
[WhiteElo "2196"]
[BlackElo "2351"]
[WhiteFideId "1702130"]
[BlackFideId "25092340"]
[EventDate "2016.04.30"]

1. d4 Nf6 2. Nf3 g6 3. c4 Bg7 4. Nc3 O-O 5. e4 d6 6. Be2 e5 7. dxe5 dxe5 8. Qxd8
Rxd8 9. Bg5 c6 10. Nxe5 Re8 11. O-O-O Na6 12. Nf3 Nc5 13. Nd2 Be6 14. f3 a5 15.
Nb3 Nxb3+ 16. axb3 Nd7 17. Kc2 h6 18. Be3 f5 19. Bd4 Bxd4 20. Rxd4 f4 21. Na4
Kf7 22. Rhd1 Ke7 23. c5 Rad8 24. Kc3 Ne5 25. Rxd8 Rxd8 26. Rxd8 Kxd8 27. Nb6 Ke7
28. Bc4 Bd7 29. Kd4 Kf6 30. Bg8 g5 31. Nxd7+ Nxd7 32. Bh7 Ne5 33. Bf5 h5 34. h3
Nf7 35. Bc8 Ne5 36. Bxb7 Ke6 37. Bc8+ Kf6 38. Bf5 Nf7 39. Bd7 Ne5 40. Be8 h4 41.
Bh5 Ke6 42. Bg4+ Kf6 43. Kc3 Ke7 44. Bc8 Kd8 45. Ba6 Ke7 46. b4 axb4+ 47. Kxb4
Kf6 48. Kc3 g4 49. hxg4 h3 50. gxh3 Nxf3 51. b4 Ke5 52. b5 cxb5 53. Bxb5 Nd4 54.
Bd3 f3 55. g5 Ne6 56. g6 Kf6 57. c6 Kxg6 58. Bc4 f2 59. Kd2 Kf6 60. Ke3 Ke5 61.
Kxf2 Nc5 62. Bd5 1-0

[Event "Hasselbacken Open 2016"]
[Site "Stockholm SWE"]
[Date "2016.05.04"]
[Round "5.33"]
[White "Lokander, Martin"]
[Black "Ask, Josef"]
[Result "1-0"]
[WhiteTitle "FM"]
[WhiteElo "2348"]
[BlackElo "2118"]
[WhiteFideId "1709569"]
[BlackFideId "1704583"]
[EventDate "2016.04.30"]

1. d4 Nf6 2. Nf3 d6 3. c4 Nbd7 4. Nc3 e5 5. e4 Be7 6. Be2 O-O 7. O-O c6 8. h3
Re8 9. Be3 Bf8 10. d5 c5 11. a3 Be7 12. b4 b6 13. Nd2 Nf8 14. bxc5 bxc5 15. Rb1
Ng6 16. Qc1 h6 17. Bd1 Bd7 18. Ba4 Bxa4 19. Nxa4 Nh5 20. Nc3 Nhf4 21. Kh2 Qd7
22. Nf3 Reb8 23. Qc2 Nh4 24. Nxh4 Bxh4 25. Rb3 Rb6 26. Rfb1 Bd8 27. Rb5 Rab8 28.
Qa4 Rxb5 29. Rxb5 Rxb5 30. Qxb5 Qe7 31. g3 Ng6 32. Qc6 Qf6 33. Nb5 Be7 34. Kg2
Nf4+ 35. gxf4 exf4 36. Qc8+ Bf8 37. Bd2 f3+ 38. Kg3 a6 39. Bc3 Qg5+ 40. Qg4 Qc1
41. Bxg7 Bxg7 42. Nxd6 Qh1 43. Nf5 Qg1+ 44. Kxf3 Qh1+ 45. Ke2 1-0

[Event "Hasselbacken Open 2016"]
[Site "Stockholm SWE"]
[Date "2016.05.04"]
[Round "5.34"]
[White "Fieandt, John"]
[Black "Bellon Lopez, Juan Manuel"]
[Result "0-1"]
[BlackTitle "GM"]
[WhiteElo "2152"]
[BlackElo "2345"]
[WhiteFideId "501093"]
[BlackFideId "2200031"]
[EventDate "2016.04.30"]

1. d4 Nf6 2. c4 c5 3. d5 a6 4. a4 e5 5. Nc3 d6 6. e4 Be7 7. g3 O-O 8. Bg2 Ne8 9.
Nge2 g6 10. O-O Ng7 11. Be3 Nd7 12. Qd2 f5 13. b3 Rb8 14. f4 Bf6 15. Rad1 Qe7
16. Rde1 exf4 17. Nxf4 Ne5 18. Kh1 Bd7 19. Ne6 Rf7 20. Ng5 Bxg5 21. Bxg5 Qf8 22.
Bf4 Re8 23. exf5 Nxf5 24. Bxe5 Rxe5 25. Kg1 Nd4 26. Rxf7 Rxe1+ 27. Qxe1 Qxf7 28.
Ne4 Qe7 29. Qe3 Qe5 30. Kf2 b6 31. Qf4 Qxf4+ 32. gxf4 Kf8 33. Nd2 Bg4 34. Bf3
Bxf3 35. Nxf3 Nxb3 36. Ke3 Ke7 37. Ng5 h6 38. Nf3 Kf6 39. h3 Na5 40. Nd2 Nb7 41.
Ne4+ Ke7 42. h4 Nd8 43. f5 gxf5 44. Ng3 Kf6 45. Kf4 Nf7 46. Nxf5 Kg6 47. Ne7+
Kh5 48. Nf5 a5 49. Kg3 Kg6 50. Kf4 h5 51. Ke4 Kf6 52. Kf4 Ne5 53. Nxd6 Nd3+ 54.
Ke4 Nb2 55. Kf4 Nxa4 56. Ne4+ Kf7 57. Kg5 Nb2 58. Nd6+ Kf8 59. Kxh5 a4 60. Nb5
Nxc4 61. Kg6 a3 0-1

[Event "Hasselbacken Open 2016"]
[Site "Stockholm SWE"]
[Date "2016.05.04"]
[Round "5.35"]
[White "Mihajlov, Sebastian"]
[Black "Thorn, Eric"]
[Result "0-1"]
[WhiteTitle "FM"]
[WhiteElo "2343"]
[BlackElo "2204"]
[WhiteFideId "1512110"]
[BlackFideId "1710729"]
[EventDate "2016.04.30"]

1. d4 Nf6 2. c4 g6 3. Nc3 Bg7 4. e4 d6 5. Nf3 O-O 6. h3 e5 7. d5 Nh5 8. g3 f5 9.
exf5 gxf5 10. Nh4 Nf4 11. Be3 Na6 12. Qd2 Ng6 13. Nxg6 hxg6 14. O-O-O Nc5 15. h4
f4 16. gxf4 exf4 17. Bxc5 dxc5 18. Bd3 Bf5 19. Rdg1 Qf6 20. Bxf5 gxf5 21. Qxf4
Kh8 22. Rg5 Bh6 23. Kb1 Qd4 24. Qxc7 Rac8 25. Qd6 Rc6 26. Qxf8+ Bxf8 27. dxc6
bxc6 28. Rh5+ Kg7 29. Rg1+ Kf6 30. Rgg5 Bg7 31. Rxf5+ Ke6 32. Kc2 Qxc4 33. Rxc5
Qa6 34. f4 Kd6 35. Rhg5 Bxc3 36. Rxc6+ Qxc6 37. bxc3 Qa4+ 38. Kb2 Qxf4 39. Rb5
Qxh4 40. Rb4 Qf2+ 41. Kb3 Qf7+ 42. Kb2 Kc5 43. a4 a6 44. Rd4 Qe6 45. Ka3 Qe2 46.
Kb3 a5 47. Rh4 Qd1+ 48. Kb2 Qd2+ 49. Kb3 Qd5+ 50. Kb2 Qb7+ 51. Kc2 Qf7 52. Rd4
Qa2+ 53. Kd3 Qb1+ 54. Kd2 Qb2+ 55. Kd3 Qc1 56. Rc4+ Kb6 57. Ke2 Qc2+ 58. Ke3 Qd1
59. Rd4 Qc2 60. Rc4 Kb7 61. Kd4 Qd2+ 62. Kc5 Qd7 0-1

[Event "Hasselbacken Open 2016"]
[Site "Stockholm SWE"]
[Date "2016.05.04"]
[Round "5.36"]
[White "Fors, Tomas"]
[Black "Olund, Joar"]
[Result "0-1"]
[BlackTitle "FM"]
[WhiteElo "2063"]
[BlackElo "2339"]
[WhiteFideId "1705768"]
[BlackFideId "1714848"]
[EventDate "2016.04.30"]

1. d4 Nf6 2. c4 g6 3. Nc3 Bg7 4. e4 d6 5. h3 O-O 6. Bg5 c5 7. d5 h6 8. Be3 b5 9.
cxb5 a6 10. Bd3 axb5 11. Nxb5 Na6 12. a3 e6 13. dxe6 Bxe6 14. Nc3 d5 15. Bxa6 d4
16. Bd3 dxe3 17. fxe3 Qb6 18. Qc1 Qd6 19. Qc2 Rfd8 20. Bb5 Qg3+ 21. Qf2 Qb8 22.
a4 Nxe4 23. Nxe4 Qxb5 24. axb5 Rxa1+ 25. Ke2 Bc4+ 26. Kf3 Bd5 27. h4 f5 28. Kg3
Be5+ 29. Kh3 fxe4 30. g3 Be6+ 31. Kg2 Rb1 32. Ne2 Rxb2 33. Rc1 Bg4 34. Re1 Rf8
35. Qg1 Bxe2 36. Kh3 h5 37. Rxe2 Rxe2 38. Qd1 Rff2 39. Qd5+ Kh7 40. Qd7+ Kh6 0-1

[Event "Hasselbacken Open 2016"]
[Site "Stockholm SWE"]
[Date "2016.05.04"]
[Round "5.37"]
[White "Berovski, Krum"]
[Black "Evertsson, Lennart"]
[Result "1/2-1/2"]
[WhiteElo "2339"]
[BlackElo "2198"]
[WhiteFideId "2902931"]
[BlackFideId "1705156"]
[EventDate "2016.04.30"]

1. d4 Nf6 2. c4 e6 3. Nc3 Bb4 4. e3 O-O 5. Ne2 Re8 6. a3 Bf8 7. Ng3 d5 8. Be2
Nbd7 9. O-O b6 10. e4 dxe4 11. Ngxe4 Nxe4 12. Nxe4 f5 13. Ng3 Bb7 14. Bf3 Bxf3
15. Qxf3 c5 16. dxc5 Bxc5 17. Rd1 Qc8 18. Nh5 Ne5 19. Qc3 Qc7 20. Bf4 Qf7 21.
Bxe5 Qxh5 22. Rd7 Be7 23. Bxg7 Rad8 24. Bh8 Bf6 25. Bxf6 Rxd7 26. Re1 Kf7 27. h3
Rd1 28. Rxd1 Qxd1+ 29. Kh2 Rg8 30. Bh4 Qd6+ 31. Bg3 f4 32. Bh4 Rg6 33. Qf3 Qc7
34. b3 Kg7 35. Qc3+ e5 36. f3 Qd6 37. Bf2 Qe7 38. h4 Re6 39. b4 Kh6 40. c5 bxc5
41. bxc5 Rg6 42. Qe1 Ra6 43. Qb4 Qg7 44. Qd2 Qf6 45. Qd7 Qg6 46. Qd5 Qe6 47. Qd8
Kg7 48. Qg5+ Kf7 49. Qh5+ Kg8 50. Qg5+ Kf8 51. Qd8+ Qe8 52. Qd3 Rg6 53. Qe4 Kg8
54. Be1 Re6 55. Bc3 Qe7 56. Qd5 Kf8 57. c6 Kf7 58. Bb4 Qe8 59. Qd7+ Kf6 60. Ba5
Kg6 61. h5+ Kh6 62. Bb4 Qxh5+ 63. Kg1 Qe8 64. Bf8+ Kg5 65. Qg7+ Qg6 66. Qd7 Rxc6
67. Be7+ Rf6 68. Qxa7 Kh6 69. Bxf6 Qxf6 70. a4 Qd6 71. Kh2 Qd2 72. Qb6+ Kh5 73.
Qc7 Qe1 74. Qxh7+ Kg5 75. Qg7+ Kf5 76. g4+ Ke6 77. Qg6+ Ke7 1/2-1/2

[Event "Hasselbacken Open 2016"]
[Site "Stockholm SWE"]
[Date "2016.05.04"]
[Round "5.38"]
[White "Forsberg, Viktor"]
[Black "Hedin, Gunnar"]
[Result "1/2-1/2"]
[WhiteTitle "FM"]
[WhiteElo "2370"]
[BlackElo "2172"]
[WhiteFideId "1707914"]
[BlackFideId "1712381"]
[EventDate "2016.04.30"]

1. c4 f5 2. d4 Nf6 3. Nc3 e6 4. e3 Bb4 5. Bd2 c5 6. Bd3 O-O 7. Nge2 d6 8. Qc2 g6
9. a3 Bxc3 10. Bxc3 Nc6 11. dxc5 dxc5 12. b4 e5 13. Rd1 Qe7 14. Qb2 Re8 15. O-O
b6 16. b5 Nd8 17. Ng3 Nf7 18. h3 Bb7 19. Rde1 Rad8 20. Bc2 Qc7 21. f4 h5 22. e4
Nxe4 23. Nxe4 Bxe4 24. Bxe4 fxe4 25. f5 Qd6 26. Qe2 Qf6 27. Qxe4 g5 28. Rd1 Rxd1
29. Rxd1 Rd8 30. Rf1 Rd7 31. a4 Kg7 32. a5 Kh6 33. axb6 axb6 34. Ra1 Qd6 35. Ra6
Kg7 36. Kh2 h4 37. Ra2 Kf6 38. Re2 Qc7 39. Qg4 Rd3 40. Bb2 Qd7 41. Qh5 Qxf5 42.
Bxe5+ Nxe5 43. Qh8+ Kf7 1/2-1/2

[Event "Hasselbacken Open 2016"]
[Site "Stockholm SWE"]
[Date "2016.05.04"]
[Round "5.39"]
[White "Cramling, Dan"]
[Black "Van den Bersselaar, Jeroen"]
[Result "1-0"]
[WhiteTitle "IM"]
[WhiteElo "2354"]
[BlackElo "2152"]
[WhiteFideId "1700162"]
[BlackFideId "1006282"]
[EventDate "2016.04.30"]

1. d4 d5 2. Nf3 Nf6 3. c4 c6 4. Nc3 dxc4 5. a4 a5 6. e4 Bg4 7. Bxc4 e6 8. Be3
Bb4 9. Qc2 Nbd7 10. Nd2 e5 11. f3 Bh5 12. Nb3 Qe7 13. O-O Bg6 14. d5 O-O 15.
dxc6 bxc6 16. Rac1 Nc5 17. Rfd1 Rfb8 18. Kh1 h6 19. Bf2 Nh5 20. Be3 Nf6 21. Bf2
Nh5 22. Be3 Nf6 23. Qf2 Nxb3 24. Bxb3 Rb7 25. Na2 Be1 26. Qc2 Rab8 27. Bc5 Qe8
28. Bd6 Rd8 29. Bxe5 Rxd1 30. Rxd1 Qxe5 31. Rxe1 Nh5 32. Nc1 Rb6 33. Nd3 Qb8 34.
Bc4 Kh7 35. Qc3 Nf4 36. Nxf4 Qxf4 37. b3 Qg5 38. Rd1 Rb7 39. Qd2 Qc5 40. Qd6 Qb6
41. h3 1-0

[Event "Hasselbacken Open 2016"]
[Site "Stockholm SWE"]
[Date "2016.05.04"]
[Round "5.40"]
[White "Steneskog, Per"]
[Black "Hedman, Erik"]
[Result "0-1"]
[BlackTitle "FM"]
[WhiteElo "2166"]
[BlackElo "2354"]
[WhiteFideId "1704826"]
[BlackFideId "1702351"]
[EventDate "2016.04.30"]

1. d4 c5 2. d5 Nf6 3. c4 e6 4. Nc3 exd5 5. cxd5 d6 6. e4 g6 7. f4 Bg7 8. Nf3 O-O
9. Be2 Nbd7 10. e5 dxe5 11. fxe5 Ng4 12. Bg5 Qb6 13. Qd2 Ndxe5 14. Be7 Bh6 15.
Ng5 f6 16. h4 fxg5 17. hxg5 Bg7 18. d6 Be6 19. Rh4 c4 20. O-O-O Rf7 21. Rdh1 Nf2
22. Rxh7 Nxh1 23. Rxh1 Rf2 24. Ne4 Nd3+ 25. Kb1 Bxb2 26. Kc2 Bd7 0-1